Central Library, Doon University
WEBOPAC (ONLINE PUBLIC ACCESS CATALOGUE)

Neuro Fuzzy and Soft Computing (Record no. 60814)

MARC details
000 -LEADER
fixed length control field 00602nam a22002057a 4500
005 - DATE & TIME
control field 20260515163346.0
008 - FIXED-LENGTH DATA ELEMENTS--GENERAL INFORMATION
fixed length control field 260515b |||||||| |||| 00| 0 eng d
020 ## - ISBN
International Standard Book Number 9789332549883
Price 890.00
040 ## - CATALOGING SOURCE
Original cataloging agency Doon University
041 ## - Language
Language English
082 ## - DDC NUMBER
Classification number 006.3
Book Number JAN
100 ## - MAIN ENTRY--PERSONAL NAME
Personal name Jang, Jyh Shing Roger
245 ## - TITLE STATEMENT
Title Neuro Fuzzy and Soft Computing
Sub Title : A Computational Approach to Learning and Machine Intelligence
260 ## - PUBLICATION, DISTRIBUTION, ETC. (IMPRINT)
Place of publication, distribution, etc Nioda
Name of publisher, distributor, etc Pearson
Date of publication, distribution, etc 2025
300 ## - PHYSICAL DESCRIPTION
Pages 614
650 ## - Subject
Subject Computer Science (PM (USHA)
700 ## - Added Entry Personal Name
Added Entry Personal Name Sun, C.T.
700 ## - Added Entry Personal Name
Added Entry Personal Name Mizutani, E.
942 ## - ADDED ENTRY ELEMENTS (KOHA)
Koha item type Books
100 ## - MAIN ENTRY--PERSONAL NAME
-- 23164
650 ## - Subject
-- 26808
700 ## - Added Entry Personal Name
-- 23165
700 ## - Added Entry Personal Name
-- 23166
952 ## - LOCATION AND ITEM INFORMATION (KOHA)
-- 2026-05-15
Holdings
Withdrawn status Lost status Source of classification or shelving scheme Damaged status Not for loan Location (home branch) Sublocation or collection (holding branch) Date acquired Koha issues (times borrowed) Koha full call number Accession No. Koha date last seen Koha item type
        Not For Loan Doon University Doon University 15.05.2026   006.3 JAN 33172 15.05.2026 Reference
Contact : +91-135-2533126 (Library),+91-135-2533105 (Admin Office) , Email : doonlibrary@gmail.com

Powered by Koha